[Event "URS-FL"]
[Site "Irkutsk"]
[Date "1986.??.??"]
[Round "?"]
[White "Gavrikov, Viktor"]
[Black "Serper, Grigory"]
[Result "1-0"]
[WhiteElo "2550"]
[BlackElo "2200"]

1.e4 c5 2.Nf3 Nc6 3.d4 cxd4 4.Nxd4 g6 5.c4 Bg7 6.Be3 Nf6 7.Nc3 O-O 8.Be2 d6
9.O-O Bd7 10.Rc1 Nxd4 11.Bxd4 Bc6 12.f3 a5 13.Qd2 Nd7 14.Be3 Nc5 15.Rc2 a4
16.Rb1 Re8 17.Bf1 b6 18.Qf2 Ra7 19.Rd1 Rd7 20.Nd5 e6 21.Nb4 Bb7 22.Rcd2 a3
23.bxa3 Bc3 24.Rc2 Bf6 25.Qd2 Qa8 26.Qc1 Bc6 27.Rcd2 Ba4 28.Re1 Red8 29.g3 Qc8
30.h4 h5 31.Rg2 Bc6 32.Rd1 d5 33.cxd5 exd5 34.exd5 Bxd5 35.Nxd5 Rxd5 36.Rgd2 Qf5
37.Kg2 Rxd2+ 38.Rxd2 Ra8 39.Bc4 Kg7 40.Rd5 Qc8 41.Rd6 Be5 42.Rxb6 Nd7 43.Bh6+ Kh7
44.Rb3 Ra7 45.Bxf7 Rc7 46.Bxg6+ Kxg6 47.Qg5+ Kh7 48.Qxh5 Rc2+ 49.Bd2+ Kg8
50.Rd3 Bg7 51.Qd5+ Kh8 52.Qxd7 Qxd7 53.Rxd7 Bc3 54.Kh3 Bxd2 55.g4 Rxa2 56.g5 Bc1
57.Kg4 Rxa3 58.Rd4 Be3 59.Re4 Bd2 60.f4 Rb3 61.Rd4 Be3 62.Rd8+ Kh7 63.f5 Rb5
64.Rd7+ Kg8 65.f6 Rb4+ 66.Kf5 Bc5 67.Kg6 Bf8 68.h5 Rb8 69.h6 Rb6 70.Rd8 Rb7
71.Rxf8+ Kxf8 72.h7  1-0

[Event "URS-FL"]
[Site "Irkutsk"]
[Date "1986.??.??"]
[Round "?"]
[White "Timoshchenko, Gennadi A"]
[Black "Serper, Grigory"]
[Result "1/2-1/2"]
[WhiteElo "2475"]
[BlackElo "2200"]

1.d4 Nf6 2.c4 c6 3.Nf3 d6 4.Nc3 Nbd7 5.g3 e5 6.Bg2 e4 7.Nh4 Nb6 8.b3 d5 9.c5 Nbd7
10.f3 Qa5 11.Qd2 g5 12.Nf5 Nxc5 13.fxe4 Bxf5 14.dxc5 Be6 15.Qd4 Bg7 16.b4 Qd8
17.exd5 O-O 18.Bxg5 Nxd5 19.Qxg7+ Kxg7 20.Bxd8 Rfxd8 21.Nxd5 Bxd5 22.Bxd5 Rxd5
23.Rd1 Rxd1+ 24.Kxd1 a5 25.Rf1 axb4 26.Rf4 Rxa2 27.Rxb4 Ra5 28.Rxb7 Rxc5
29.Rc7 h5  1/2-1/2

[Event "URS-FL"]
[Site "Irkutsk"]
[Date "1986.??.??"]
[Round "?"]
[White "Serper, Grigory"]
[Black "Romanishin, Oleg M"]
[Result "1/2-1/2"]
[WhiteElo "2200"]
[BlackElo "2560"]

1.e4 e5 2.Nf3 Nc6 3.Bb5 a6 4.Ba4 Nf6 5.O-O Be7 6.Re1 b5 7.Bb3 d6 8.c3 O-O
9.d3 Na5 10.Bc2 c5 11.Nbd2 Re8 12.Nf1 Bf8 13.Bg5 h6 14.Bh4 Be7 15.Ne3 Be6
16.d4 Ng4 17.Bxe7 Rxe7 18.d5 Nxe3 19.Rxe3 Bg4 20.b3 Nb7 21.a4 Re8 22.Qf1 Bd7
23.axb5 axb5 24.Ree1 Qb6 25.b4 Rec8 26.Bd3 Ra4 27.Reb1 cxb4 28.Rxb4 Qa7 29.Rc1 Nc5
30.Bxb5 Bxb5 31.Qxb5 Nd3 32.Rxa4 Qxf2+ 33.Kh1 Nxc1 34.Ra1 Qc2 35.Qd7 Qxc3
36.Ra7 Rf8 37.Qxd6 Nd3 38.Qa3 Qc2 39.h3 Nf4 40.Qa2 Qxe4 41.d6 Ne6 42.Qa1 Qd3
43.Qxe5 Rd8 44.Kh2 Qxd6 45.Qxd6 Rxd6 46.Ne5 f6 47.Ra8+ Rd8 48.Rxd8+ Nxd8
49.Nd3 Kf7 50.Kg3 Ne6 51.Kg4 g6 52.Kf3 Ke7 53.h4 Kd6 54.Nf2 h5 55.Nd3 Nd4+
56.Ke4 Ne6 57.Ke3 Kd5 58.g3 Kd6 59.Kf3 Kc6 60.Kf2 Kb5 61.Ke3 Kc4 62.Nb2+ Kc5
63.Ke4 Kc6 64.Nc4 Ng7 65.Ne3 Kd6 66.Ng2 Ne6 67.Ne3 Nc5+ 68.Kd4 Nb3+ 69.Ke4 Ke6
70.Ng2 Nd2+ 71.Ke3 Nc4+ 72.Ke4 Nd6+ 73.Kf4 Nf5 74.Kf3 Ne7 75.Ke4 Nd5 76.Kd4 Kd6
77.Ke4 Ke6 78.Kd4 g5 79.hxg5 fxg5 80.Ke4 Nf6+ 81.Kf3 Ke5 82.Ne3 g4+ 83.Kf2 Ne4+
84.Kg2 Nd6 85.Nc2 Ke4 86.Nb4 Nf5 87.Kf2 Ne3 88.Nc6 Kd3 89.Ne5+ Kd4 90.Nc6+ Ke4
91.Ne7 Nd1+ 92.Kg2 Nc3 93.Kf2 Nb5 94.Nc6 Nd4 95.Nb4 Ne6 96.Nc6 Nc5 97.Ne7 Nd3+
98.Kg2 Ke5 99.Nc6+ Kd5 100.Ne7+ Ke6 101.Nc6 Nc5 102.Nd4+ Kf6 103.Nc6 Nd3
104.Nd4 Nb4 105.Ne2 Nd5 106.Nd4 Ke5 107.Nc6+ Ke4 108.Nd8 Ne7 109.Ne6 Nf5
110.Nc5+ Kd4 111.Ne6+ Ke3 112.Nf4 Ng7 113.Nd5+ Kd4 114.Nf6 Ke5 115.Nd7+ Ke6
116.Nc5+ Kd6 117.Ne4+ Ke5 118.Nc5 Ne8 119.Nd3+ Ke4 120.Nc5+ Ke3 121.Ne6 Nf6
122.Ng7 Kd3 123.Kf2 Kd2  1/2-1/2

[Event "URS-FL"]
[Site "Irkutsk"]
[Date "1986.??.??"]
[Round "?"]
[White "Serper, Grigory"]
[Black "Pigusov, Evgeny"]
[Result "1/2-1/2"]
[WhiteElo "2200"]
[BlackElo "2500"]

1.e4 c5 2.Nc3 d6 3.Nge2 e5 4.Nd5 Nc6 5.Nec3 Be6 6.Bc4 g6 7.d3 Bg7 8.O-O Nge7
9.f4 exf4 10.Bxf4 O-O 11.Bg5 h6 12.Bf6 Bxf6 13.Nxf6+ Kg7 14.Qd2 Ne5 15.Bb3 Rb8
16.Rf2 b5 17.Bxe6 fxe6 18.Raf1 Qa5 19.Qe3 b4 20.Ne2 Qxa2 21.Qh3 Ng8 22.Nxg8 Rxf2
23.Rxf2 Rxg8 24.Nf4 Re8 25.b3 Qb1+ 26.Rf1 Qxc2 27.Nxe6+ Kh7 28.Ng5+ Kg7 29.Ne6+ Kh7
30.Ng5+ Kg7  1/2-1/2

[Event "URS-FL"]
[Site "Irkutsk"]
[Date "1986.??.??"]
[Round "?"]
[White "Serper, Grigory"]
[Black "Kruppa, Yuri"]
[Result "1/2-1/2"]
[WhiteElo "2200"]
[BlackElo "2445"]

1.e4 e5 2.Nf3 Nc6 3.Bb5 g6 4.d4 exd4 5.Bg5 Be7 6.Bf4 Nf6 7.e5 Nd5 8.Bh6 a6
9.Bc4 Nb6 10.Bb3 d5 11.exd6 Qxd6 12.Nbd2 Bf5 13.O-O O-O-O 14.Ng5 Bxg5 15.Bxg5 f6
16.Bh4 h5 17.Re1 Rhe8 18.h3 Ne5 19.Ne4 Bxe4 20.Rxe4 c5 21.a4 Qc6 22.Re1 a5
23.Qd2 c4 24.Ba2 g5 25.Bg3 Qc5 26.f4 Nc6 27.fxg5 fxg5 28.Rxe8 Rxe8 29.Re1 Rf8
30.Kh1 h4 31.Bh2 Qd5 32.Qe2 Kd8 33.Qh5 Nd7 34.Qe2 Nb6 35.Qh5 Qf5 36.Qh6 Qf6
37.Qh7 Ne7 38.Qe4 Nc6 39.Bxc4 Nxc4 40.Qd5+ Kc8 41.Qxc4 Qf5 42.Qb3 g4  1/2-1/2

[Event "URS-FL"]
[Site "Irkutsk"]
[Date "1986.??.??"]
[Round "?"]
[White "Serper, Grigory"]
[Black "Dokhoian, Yury"]
[Result "1/2-1/2"]
[WhiteElo "2200"]
[BlackElo "2450"]

1.e4 c5 2.Nc3 e6 3.Nge2 a6 4.g3 b5 5.Bg2 Bb7 6.O-O d6 7.d4 b4 8.Na4 cxd4
9.Nxd4 Nf6 10.Re1 e5 11.Nf5 g6 12.Nh6 Nbd7 13.c3 a5 14.Bg5 Qb8 15.Rc1 Bxh6
16.Bxh6 Ke7 17.cxb4 axb4 18.b3 Rc8 19.Rxc8 Qxc8 20.Qd2 Bc6 21.Qxb4 Bxa4 22.bxa4 Qc5
23.Qd2 Rxa4 24.Bg5 Qa5 25.Qxa5 Rxa5 26.Re2 Nc5 27.Rd2 Ne6 28.Bxf6+ Kxf6 29.Rxd6 Rxa2
30.h4 Ke7 31.Rd5 f6 32.Bh3 Rc2 33.Rb5 Rd2 34.Bxe6 Kxe6 35.Rb7 Rd7 36.Rb6+ Rd6
37.Rb7 Rd7  1/2-1/2

[Event "URS-FL"]
[Site "Irkutsk"]
[Date "1986.??.??"]
[Round "?"]
[White "Serper, Grigory"]
[Black "Balashov, Yuri S"]
[Result "1/2-1/2"]
[WhiteElo "2200"]
[BlackElo "2530"]

1.e4 e5 2.Nf3 Nc6 3.Bb5 a6 4.Ba4 Nf6 5.O-O Be7 6.Re1 b5 7.Bb3 O-O 8.d3 d6
9.c3 Na5 10.Bc2 c5 11.Nbd2 Nc6 12.Nf1 Nd7 13.a4 Nb6 14.axb5 axb5 15.Rxa8 Nxa8
16.Ne3 Nb6 17.d4 cxd4 18.cxd4 Bf6 19.d5 Nb4 20.Bb1 Bd7 21.Bd2 Na6 22.b4 Qb8
23.Bd3 Rc8 24.Qb3 Nc7 25.Ra1 Bd8 26.Ne1  1/2-1/2

[Event "Wch U20"]
[Site "Baguio"]
[Date "1987.??.??"]
[Round "?"]
[White "Degraeve, Jean Marc"]
[Black "Serper, Grigory"]
[Result "0-1"]
[WhiteElo "2310"]
[BlackElo "2435"]

1.e4 e5 2.Bc4 Nc6 3.d3 Bc5 4.Nf3 Nf6 5.c3 d6 6.b4 Bb6 7.Nbd2 a6 8.O-O O-O
9.Bb3 h6 10.Re1 Re8 11.Nc4 Ba7 12.Bb2 Be6 13.a4 Ne7 14.Na5 Bxb3 15.Qxb3 Qc8
16.d4 Ng6 17.dxe5 Ng4 18.Rf1 N6xe5 19.c4 b6 20.Nxe5 Nxe5 21.Bxe5 bxa5 22.Bb2 Rxe4
23.Rae1 Qf5 24.Rxe4 Qxe4 25.Qc3 Qg6 26.Qf3 Rb8 27.Qc6 Rxb4 28.Qa8+ Kh7 29.Qf3 Rxb2  0-1

[Event "Wch U20"]
[Site "Baguio"]
[Date "1987.??.??"]
[Round "?"]
[White "Martin del Campo, Roberto"]
[Black "Serper, Grigory"]
[Result "1/2-1/2"]
[WhiteElo "2215"]
[BlackElo "2435"]

1.e4 e5 2.Nf3 Nc6 3.Bb5 Nd4 4.Nxd4 exd4 5.O-O Bc5 6.d3 c6 7.Bc4 d5 8.exd5 cxd5
9.Bb3 Ne7 10.Nd2 O-O 11.Re1 a5 12.a4 Bb4 13.Rf1 Ra6 14.Nf3 Nf5 15.Bd2 Bc5
16.Re1 f6 17.c4 dxc3 18.Bxc3 Be6 19.d4 Ba7 20.Qd3 g6 21.Re2 Bf7 22.Rae1 Bb8
23.Nd2 Qd7 24.Nf1 Bd6 25.Qh3 Rd8 26.Ne3 Nxe3 27.Qxd7 Rxd7 28.Rxe3  1/2-1/2

[Event "Wch U20"]
[Site "Baguio"]
[Date "1987.??.??"]
[Round "?"]
[White "Serper, Grigory"]
[Black "Bern, Ivar"]
[Result "1-0"]
[WhiteElo "2435"]
[BlackElo "2275"]

1.e4 c5 2.Nf3 Nc6 3.d4 cxd4 4.Nxd4 g6 5.c4 Nf6 6.Nc3 d6 7.Be2 Nxd4 8.Qxd4 Bg7
9.Bg5 O-O 10.Qd2 Be6 11.Rc1 a6 12.O-O b5 13.cxb5 axb5 14.Bxb5 Bxa2 15.Bc6 Ra6
16.Nxa2 Rxa2 17.Rc2 Qb6 18.Rb1 Rb8 19.h3 Qa5 20.Qc1 h6 21.Bxf6 Bxf6 22.Bd5 Ra4
23.Qxh6 e6 24.Bxe6 Bg7 25.Qxg6 fxe6 26.Qxe6+ Kh8 27.Qxd6 Rd8 28.Qe7 Rad4
29.Rc5 Qa2 30.Rbc1 R4d7 31.Qh4+ Kg8 32.Rc8 Rxc8 33.Rxc8+ Bf8 34.Qg4+ Rg7
35.Qf5 Rf7 36.Qg6+ Rg7 37.Qf6 Rf7 38.Qg5+ Rg7 39.Qf5 Rf7 40.Qg6+ Rg7 41.Qe8 Rf7
42.Rc5 Qxb2 43.Rg5+ Rg7 44.Qe6+ Kh8 45.Qh6+ Kg8 46.Qe6+ Kh8 47.Rh5+ Rh7 48.Qe5+ Qxe5
49.Rxe5 Rc7 50.g4 Rc2 51.Kg2 Bb4 52.Rf5 Be1 53.Kf1 Bb4 54.Kg2 Be1 55.Kf1 Bb4
56.h4 Rc4 57.Re5 Kg7 58.Rg5+ Kf7 59.Rf5+ Kg7 60.f3 Rc2 61.Rg5+ Kh6 62.Rf5 Kg7
63.h5 Kh6 64.e5 Be7 65.f4 Bh4 66.e6 Ra2 67.g5+ Kxh5 68.e7 Kg4 69.Re5 Ra8
70.e8=Q Rxe8 71.Rxe8 Kxf4 72.g6 Bf6 73.Re7  1-0

[Event "Wch U20"]
[Site "Baguio"]
[Date "1987.??.??"]
[Round "?"]
[White "Serper, Grigory"]
[Black "Hellers, Ferdinand"]
[Result "0-1"]
[WhiteElo "2435"]
[BlackElo "2490"]

1.e4 c5 2.Nf3 d6 3.d4 cxd4 4.Nxd4 Nf6 5.Nc3 a6 6.Be2 e6 7.O-O Be7 8.a4 O-O
9.f4 Qc7 10.Kh1 b6 11.Bf3 Bb7 12.Qe2 Nc6 13.Nb3 Nd7 14.Be3 Bf6 15.Qe1 Rac8
16.Rc1 Na5 17.Nxa5 Bxc3 18.Qxc3 Qxc3 19.bxc3 bxa5 20.Rb1 Ba8 21.Rfd1 Rxc3
22.Rb3 Rxc2 23.Rxd6 Nc5 24.Bxc5 Rxc5 25.g3 Bc6 26.Rd4 Rc1+ 27.Kg2 Ra1 28.Rb6 Bxa4
29.Rxa6 Ra2+ 30.Kg1 Bb3 31.e5 Rc8 32.Rc6 Rf8 33.Ra6 a4 34.Bc6 Rc8 35.h4 g6
36.h5 gxh5  0-1

[Event "Tashkent"]
[Site "Tashkent"]
[Date "1987.??.??"]
[Round "?"]
[White "Vakhidov, Tahir"]
[Black "Serper, Grigory"]
[Result "1/2-1/2"]
[WhiteElo "2275"]
[BlackElo "2450"]

1.Nf3 f5 2.g3 Nf6 3.Bg2 e6 4.O-O d5 5.d3 Bd6 6.c4 O-O 7.Nc3 c6 8.e4 dxe4
9.dxe4 e5 10.exf5 Bxf5 11.Re1 Qc7 12.Nh4 Bg4  1/2-1/2

[Event "Tashkent"]
[Site "Tashkent"]
[Date "1987.??.??"]
[Round "?"]
[White "Serper, Grigory"]
[Black "Vladimirov, Evgeny"]
[Result "0-1"]
[WhiteElo "2450"]
[BlackElo "2525"]

1.e4 e5 2.Nf3 Nc6 3.Bb5 a6 4.Ba4 Nf6 5.O-O Be7 6.Re1 b5 7.Bb3 d6 8.c3 O-O
9.d3 Bb7 10.Nbd2 Re8 11.Ng5 Rf8 12.Ngf3 Qd7 13.Nf1 Bd8 14.Ng3 Ne7 15.d4 exd4
16.cxd4 c5 17.d5 Ng6 18.h3 Re8 19.Bc2 Ba5 20.Re3 Qc7 21.b3 Nd7 22.Nf5 Bc8
23.Bb2 f6 24.h4 Ne7 25.Ng3 Rf8 26.h5 Qd8 27.Nh4 Ne5 28.Ngf5 Nxf5 29.Nxf5 Bb6
30.Rg3 Bxf5 31.exf5 c4 32.h6 Ra7 33.Bxe5 fxe5 34.bxc4 Qh4 35.Qf3 Qxh6 36.cxb5 axb5
37.Bd3 Bd4 38.Rf1 Ra3 39.f6 Rxa2 40.Rh3 Rxf6 41.Rxh6 Rxf3 42.gxf3 gxh6 43.Bxb5 Rd2
44.Bd7 Kg7 45.Bf5 h5 46.Kg2 h6 47.Be4 Kf6 48.Kg3 Kg5 49.f4+ exf4+ 50.Kf3 Kf6
51.Kxf4 Bxf2 52.Kf3 Ke5 53.Bg6 Bh4 54.Bxh5 Rxd5 55.Kg4 Rd4+ 56.Kh3 Bg5 57.Re1+ Kf5
58.Bf3 Bf4 59.Rd1 Rb4 60.Rd5+ Be5 61.Rd2 Rb3 62.Kg2 Kg5 63.Bd5 Ra3 64.Rd1 h5
65.Kh1 h4 66.Kg2 Rc3 67.Kh1 Rc2 68.Be6 Kf4 69.Bd5 Ke3 70.Bf7 Kf2 71.Bg6 Rc5
72.Bf7 Bf4 73.Be6 Rc3 74.Rb1 Rc2 75.Ra1 Rc5 76.Rd1 Ra5 77.Bc4 Re5 78.Rf1+ Kg3
79.Rg1+ Kf3 80.Rf1+ Kg4 81.Rg1+ Bg3 82.Rd1 Rc5 83.Bf7 Kf3 84.Be6 Ke2 85.Bg4+ Kf2
86.Rd3 Rc4 87.Rf3+ Ke1 88.Be6 Re4 89.Bf7 Kd2 90.Kg2 Re5 91.Bc4 Kc2 92.Bb3+ Kb2
93.Bf7 Rg5 94.Kh3 Be1 95.Rd3 Rg3+ 96.Rxg3 hxg3 97.Kg2 Kc3 98.Kf3 Kd4 99.Bg8 d5
100.Bf7 Kc5 101.Bg6 Kb4 102.Kg2 Kc3 103.Kf1 Kd2  0-1

[Event "Tashkent"]
[Site "Tashkent"]
[Date "1987.??.??"]
[Round "?"]
[White "Serper, Grigory"]
[Black "Tseshkovsky, Vitaly"]
[Result "1/2-1/2"]
[WhiteElo "2450"]
[BlackElo "2485"]

1.e4 e5 2.Nf3 Nc6 3.Bb5 g6 4.d4 exd4 5.Bg5 Be7 6.Bxe7 Qxe7 7.Bxc6 dxc6 8.Qxd4 Nf6
9.Nc3 Bg4 10.Nd2 b6 11.f3 Be6 12.O-O-O c5 13.Qf2 O-O-O 14.Rhe1 Kb8 15.Nf1 Rxd1+
16.Rxd1 Rd8 17.Rxd8+ Qxd8 18.Ne3 a6 19.a3 b5 20.e5 Nd7 21.f4 f6 22.exf6 Nxf6
23.Qf3 Qd4 24.Ne2 Qd7 25.Ng3 Qd4 26.f5 gxf5 27.Ngxf5 Bxf5 28.Nxf5 Qg1+ 29.Qd1 Qxg2
30.Qd8+ Kb7 31.Qxf6 Qf1+ 32.Kd2 Qf2+  1/2-1/2

[Event "Tashkent"]
[Site "Tashkent"]
[Date "1987.??.??"]
[Round "?"]
[White "Serper, Grigory"]
[Black "Timoshchenko, Gennadi A"]
[Result "1/2-1/2"]
[WhiteElo "2450"]
[BlackElo "2495"]

1.e4 e5 2.Nf3 Nc6 3.Bb5 a6 4.Ba4 Nf6 5.O-O Be7 6.Re1 b5 7.Bb3 O-O 8.d3 d6
9.c3 Na5 10.Bc2 c5 11.Nbd2 Re8 12.Nf1 Nc6 13.Ne3 g6 14.a4 Rb8 15.axb5 axb5
16.Nd5 Nxd5 17.exd5 Na5 18.b4 Nb7 19.bxc5 Nxc5 20.d4 exd4 21.Nxd4 Bd7 22.Bf4 Qc7
23.Qf3 Bf8 24.h4 Na4 25.Nc6 Rbc8 26.Bxa4 Bxc6 27.Bb3 Bd7 28.Rxe8 Bxe8 29.Rc1 Qa5
30.c4 Qa3 31.Qd1 bxc4  1/2-1/2

[Event "Tashkent"]
[Site "Tashkent"]
[Date "1987.??.??"]
[Round "?"]
[White "Serper, Grigory"]
[Black "Malaniuk, Vladimir P"]
[Result "0-1"]
[WhiteElo "2450"]
[BlackElo "2545"]

1.e4 e5 2.Nf3 Nc6 3.Bb5 a6 4.Ba4 Nf6 5.O-O Be7 6.Re1 b5 7.Bb3 O-O 8.d3 Bb7
9.c3 Re8 10.Ng5 Rf8 11.f4 d6 12.a4 Na5 13.Ba2 c5 14.Na3 b4 15.fxe5 dxe5 16.Nc4 Nxc4
17.Bxc4 h6 18.Nf3 Nd7 19.Rf1 a5 20.Qe1 Bf6 21.Qg3 Kh7 22.Qh3 Nb6 23.Qf5+ Kg8
24.Nxe5 Nxc4 25.dxc4 bxc3 26.bxc3 Qe7 27.Nd7 Bxc3 28.Nxf8 Bxe4 29.Qd7 Bd4+  0-1

[Event "Tashkent"]
[Site "Tashkent"]
[Date "1987.??.??"]
[Round "?"]
[White "Serper, Grigory"]
[Black "Epishin, Vladimir"]
[Result "0-1"]
[WhiteElo "2450"]
[BlackElo "2430"]

1.e4 c5 2.Nc3 e6 3.Nf3 d6 4.g3 Nf6 5.Bg2 Nc6 6.O-O a6 7.d4 cxd4 8.Nxd4 Bd7
9.a4 Qc7 10.Nb3 Be7 11.a5 Ne5 12.f4 Nc4 13.g4 h6 14.Qe2 Rc8 15.Kh1 g5 16.fxg5 hxg5
17.Bxg5 Nxb2 18.e5 Qxc3 19.exf6 Bd8 20.Bxb7 Qxc2 21.Qxc2 Rxc2 22.Nd2 Nc4
23.Nxc4 Rxc4 24.Bf3 Rc5 25.Be3 Rc3 26.Bd4 Rxf3 27.Rxf3 Bc6 28.Ra3 e5 29.Bf2 Bxf6
30.Kg1 Bxf3 31.Rxf3 Bd8 32.Rb3 Bxa5 33.Ra3 Bd2 34.Rxa6 Kd7 35.Kg2 Bg5 36.Bg3 Ke6
37.Kf3 Be7 38.Ke4 Rb8 39.h4 Rb3 40.Be1 Bd8 41.Rc6 Bb6 42.Bd2 Bc5 43.h5 f6
44.h6 Rg3 45.h7 Rh3  0-1

[Event "Uzhgorod"]
[Site "Uzhgorod"]
[Date "1987.??.??"]
[Round "?"]
[White "Serper, Grigory"]
[Black "Rozentalis, Eduardas"]
[Result "0-1"]
[WhiteElo "2365"]
[BlackElo "2455"]

1.e4 e6 2.d4 d5 3.Nd2 c5 4.exd5 exd5 5.Ngf3 Nf6 6.Bb5+ Bd7 7.Bxd7+ Nbxd7
8.O-O Be7 9.dxc5 Nxc5 10.Nb3 Nce4 11.Nfd4 Qd7 12.f3 Nd6 13.Nc5 Qc7 14.Nd3 O-O
15.b3 Rac8 16.Re1 Rfe8 17.Bb2 Qb6 18.Kh1 Bf8 19.a4 Rxe1+ 20.Qxe1 a6 21.Qf2 Nde8
22.Re1 g6 23.Bc1 Bg7 24.Be3 Qa5 25.Bd2 Qd8 26.Bf4 Nd7 27.Ne5 Nef6 28.Nxd7 Nxd7
29.Rd1 Nf8 30.Be3 Qc7 31.Rd2 Ne6 32.Nxe6 fxe6 33.Bd4 Bxd4 34.Qxd4 Qc3 35.Qxc3 Rxc3
36.Kg1 Kf7 37.Kf2 Ke7 38.Ke1 Kd6 39.Re2 e5 40.Kd2 Rc8 41.Re1 g5 42.Kd3 d4
43.Re4 Ke6 44.h4 h6 45.hxg5 hxg5 46.Rg4 Kf5 47.Kd2 b5 48.axb5 axb5 49.Rg3 Rh8
50.Ke2 Rh4 51.b4 Rh1 52.Rh3 Rxh3 53.gxh3 e4 54.fxe4+ Kxe4 55.Kd2 Kf4 56.Kd3 Kg3
57.Kxd4 Kxh3 58.c4 g4  0-1

[Event "Uzhgorod"]
[Site "Uzhgorod"]
[Date "1987.??.??"]
[Round "?"]
[White "Serper, Grigory"]
[Black "Kanstler, Boris"]
[Result "1/2-1/2"]
[WhiteElo "2365"]
[BlackElo "2405"]

1.e4 g6 2.d4 Bg7 3.Nf3 d6 4.Bd3 Nf6 5.O-O O-O 6.e5 dxe5 7.dxe5 Nfd7 8.Qe2 Nc6
9.e6 fxe6 10.Nc3 Kh8 11.Bg5 Nde5 12.Nxe5 Nxe5 13.Rad1 Nxd3 14.Rxd3 Qe8 15.Rfd1 c6
16.Qe3 e5 17.Bh6 Bxh6 18.Qxh6 Bf5 19.R3d2 Qf7 20.Qe3 Qf6 21.Ne4 Qg7 22.Nc5 e4
23.c3 b6 24.Nxe4 Qe5 25.f3 Rae8 26.Qd4 Qxd4+ 27.Rxd4 Kg8 28.Ng3 Be6 29.b3 Kf7
30.Kf2 Bd5 31.c4 Be6  1/2-1/2

[Event "Uzhgorod"]
[Site "Uzhgorod"]
[Date "1987.??.??"]
[Round "?"]
[White "Serper, Grigory"]
[Black "Epishin, Vladimir"]
[Result "1/2-1/2"]
[WhiteElo "2365"]
[BlackElo "2400"]

1.e4 c5 2.Nc3 e6 3.Nf3 d6 4.g3 Nf6 5.Bg2 Be7 6.O-O a6 7.d4 cxd4 8.Nxd4 O-O
9.a4 Nc6 10.Nb3 Na5 11.Nxa5 Qxa5 12.Be3 Bd7 13.Qd2 Kh8 14.h3 Bc6 15.Rfd1 Rfd8
16.Bd4 Rac8 17.Qe3 Nd7 18.Nd5 Bxd5 19.exd5 e5 20.Bc3 Qc7 21.a5 f5 22.Rac1 Rf8
23.Bd2 f4 24.Qe2 Bg5 25.b4 e4 26.Qxe4 Rce8 27.Qd3 Ne5 28.Qd4 Qf7 29.gxf4 Bxf4
30.Bxf4 Qxf4 31.Qxf4 Rxf4 32.Rb1 Rc8 33.b5 g5 34.bxa6 bxa6 35.Rb6 Rxc2 36.Rf1 Nc4
37.Rxa6 Ra2 38.Ra8+ Kg7 39.a6 Rf7 40.Rb1 Rfxf2 41.Rb7+ Rf7 42.Rxf7+ Kxf7
43.a7 Ne3 44.Bf3 Nf5 45.Be4 Ng7 46.Bxh7 Ne8 47.Bf5 Nc7 48.Rd8 Kf6 49.Bg4 Rxa7
50.Rxd6+ Ke5 51.Rg6 Nxd5 52.Rxg5+ Kd6 53.Kf2 Nf6 54.Bf3 Ra4 55.Rb5 Ke7 56.Re5+ Kf7
57.Kg3 Kg6 58.h4 Rb4 59.h5+ Kh6 60.Re6 Kg5 61.Re5+ Kh6 62.Rf5 Ne4+ 63.Bxe4  1/2-1/2

[Event "Uzhgorod"]
[Site "Uzhgorod"]
[Date "1987.??.??"]
[Round "?"]
[White "Kruppa, Yuri"]
[Black "Serper, Grigory"]
[Result "1/2-1/2"]
[WhiteElo "2455"]
[BlackElo "2365"]

1.d4 Nf6 2.c4 c6 3.Nc3 d5 4.e3 e6 5.b3 Nbd7 6.Bb2 Be7 7.Nf3 O-O 8.Bd3 b6
9.O-O Bb7 10.Qe2 Qc7 11.Rac1 Rad8 12.Rfd1 Qb8 13.Ne5 Nxe5 14.dxe5 Nd7 15.f4 Nc5
16.Bb1 dxc4 17.bxc4 Ba6 18.Qc2 g6 19.Ne2 Rxd1+ 20.Rxd1 b5 21.Nd4 Rd8 22.Ba3 bxc4
23.Qc3 Qc7 24.Bc2 Rb8 25.Nf3 Nd3 26.Bxe7 Qxe7 27.Bxd3 cxd3 28.Ng5 Rb6 29.Ne4 Qb4
30.Qxb4 Rxb4 31.Nc5 Bc4 32.Nxd3 Rb5 33.Nf2 Bxa2 34.Rd8+ Kg7 35.Ne4 Rb1+ 36.Kf2 Rb2+
37.Kg3 Bd5 38.Nf6 Rxg2+ 39.Kh3 Bf3 40.e4 g5  1/2-1/2

[Event "Uzhgorod"]
[Site "Uzhgorod"]
[Date "1987.??.??"]
[Round "?"]
[White "Giorgadze, Giorgi"]
[Black "Serper, Grigory"]
[Result "0-1"]
[WhiteElo "2380"]
[BlackElo "2365"]

1.c4 Nf6 2.Nc3 c6 3.d4 d5 4.cxd5 cxd5 5.Bf4 Nc6 6.e3 Bg4 7.Qa4 Bd7 8.Qd1 e6
9.Bd3 Be7 10.Rc1 Rc8 11.h3 Qb6 12.Qe2 Nb4 13.Bb1 Ne4 14.Nf3 Bb5 15.Qd1 Nxc3
16.Rxc3 Rxc3 17.bxc3 Nc6 18.Ne5 Nxe5 19.Bxe5 O-O 20.a4 Ba6 21.Bd3 Rc8 22.O-O Rxc3
23.Qg4 g6 24.Rb1 Qc6 25.Bxa6 Qxa6 26.Qf4 b6 27.e4 Qxa4 28.exd5 exd5 29.h4 Qd7
30.h5 Rc8 31.Rb3 Qf5 32.Qxf5 gxf5 33.Rg3+ Kf8 34.h6 Rc1+ 35.Kh2 Rc6 36.Bg7+ Ke8
37.Rf3 f4 38.Kh3 Bd6 39.Rb3 a5 40.Rb5 a4  0-1

[Event "Uzhgorod"]
[Site "Uzhgorod"]
[Date "1987.??.??"]
[Round "?"]
[White "Dokhoian, Yury"]
[Black "Serper, Grigory"]
[Result "0-1"]
[WhiteElo "2530"]
[BlackElo "2365"]

1.d4 Nf6 2.Nf3 c6 3.c4 d5 4.Nc3 e6 5.Bg5 Be7 6.e3 O-O 7.Qc2 Nbd7 8.Rd1 Re8
9.a3 Nf8 10.Bd3 dxc4 11.Bxc4 Nd5 12.Bxe7 Qxe7 13.Ne4 b6 14.O-O Bb7 15.Rc1 Rec8
16.Qd3 a5 17.Rc2 Nf6 18.Nxf6+ Qxf6 19.e4 c5 20.d5 exd5 21.exd5 Rd8 22.a4 Ng6
23.Rd2 Rd6 24.Rfd1 Rad8 25.Qc3 Qf5 26.Qd3 Qh5 27.Qe4 Bc8 28.h3 Bd7 29.Bb5 Bxb5
30.axb5 Qh6 31.Nh2 Qf4 32.Qe2 Qf5 33.Ng4 Rxd5 34.Rxd5 Rxd5 35.Qe8+ Nf8 36.Rxd5 Qxd5
37.Qc6 Qxc6 38.bxc6 Ng6 39.Ne5 Ne7 40.c7 Nc8 41.f4 f6 42.Nc6 Kf7 43.g4 Ke6
44.Kf2 Kd7 45.Nd8 Nd6 46.Ke1 a4 47.Kd1 Ne8 48.Ne6 Nxc7 49.Nxg7 Nd5 50.Nh5 c4
51.Kc1 b5 52.h4 Ke7 53.g5 b4 54.f5 b3 55.Ng3 c3 56.bxc3 Nxc3 57.Kb2 Nd1+
58.Ka3 Ne3 59.Kb2 Nc4+ 60.Ka1 a3 61.Ne4 Ne3  0-1

[Event "Wch U20"]
[Site "Adelaide"]
[Date "1988.??.??"]
[Round "8"]
[White "Serper, Grigory"]
[Black "Lim, Mark"]
[Result "1-0"]
[WhiteElo "2435"]
[BlackElo "2205"]

1.e4 c6 2.d4 d5 3.Nd2 dxe4 4.Nxe4 Nf6 5.Nxf6+ exf6 6.c3 Bd6 7.Bd3 O-O 8.Ne2 Re8
9.Qc2 g6 10.h4 Nd7 11.h5 Nf8 12.Be3 Qc7 13.O-O-O Be6 14.Kb1 b5 15.hxg6 fxg6
16.Rh4 Bd5 17.Bh6 Bxg2 18.Rg1 Rxe2 19.Qxe2 Bd5 20.Bxf8 Bxf8 21.Qh5  1-0

[Event "Wch U20"]
[Site "Adelaide"]
[Date "1988.??.??"]
[Round "12"]
[White "Serper, Grigory"]
[Black "Akopian, Vladimir"]
[Result "1/2-1/2"]
[WhiteElo "2435"]
[BlackElo "2455"]

1.e4 e5 2.Nf3 Nf6 3.Nxe5 d6 4.Nf3 Nxe4 5.d4 d5 6.Bd3 Bd6 7.O-O O-O 8.c4 c6
9.Re1 Bf5 10.Qb3 Na6 11.Nc3 dxc4 12.Bxc4 Nxc3 13.bxc3 b5 14.Bf1 Nc7 15.Ba3 Be6
16.Qb2 Bd5 17.Ne5 Re8 18.Bxd6  1/2-1/2

[Event "Frunze"]
[Site "Frunze"]
[Date "1988.??.??"]
[Round "?"]
[White "Serper, Grigory"]
[Black "Glek, Igor V"]
[Result "0-1"]
[WhiteElo "2435"]
[BlackElo "2500"]

1.e4 e6 2.d4 d5 3.Nd2 Nf6 4.e5 Nfd7 5.f4 c5 6.Ngf3 Nc6 7.c3 a5 8.Be2 Qb6
9.dxc5 Bxc5 10.Nb3 Bf2+ 11.Kf1 Nc5 12.Nbd4 Ne4 13.g3 f5 14.Kg2 Bd7 15.Rf1 Bxd4
16.Nxd4 a4 17.Qd3 Nxd4 18.Qxd4 Qa5 19.Qd3 Nc5 20.Qd4 Ne4 21.Qd3 O-O 22.Be3 Rfc8
23.Rfc1 Bc6 24.Bd4 Qd8 25.g4 g6 26.gxf5 gxf5 27.Qh3 Qe7 28.Rg1 Kh8 29.Kh1 Rg8
30.Qh6 a3 31.b3 Nxc3 32.Bf3 Ne4 33.Rxg8+ Rxg8 34.Rg1 Rxg1+ 35.Kxg1 Qg7+ 36.Qxg7+ Kxg7
37.Bxe4 fxe4 38.Bc5 Kg6 39.Kf2 Kf5 40.Ke3 Kg4 41.Bxa3 Kh3 42.Kd4 Kxh2 43.Kc5 Kg3
44.Bc1 h5 45.b4 h4 46.b5 Be8  0-1

[Event "Frunze"]
[Site "Frunze"]
[Date "1988.??.??"]
[Round "?"]
[White "Serper, Grigory"]
[Black "Kharitonov, Andrei Y"]
[Result "1/2-1/2"]
[WhiteElo "2435"]
[BlackElo "2550"]

1.e4 e5 2.Nf3 Nf6 3.Nxe5 d6 4.Nf3 Nxe4 5.Qe2 Qe7 6.d3 Nf6 7.Bg5 Qxe2+ 8.Bxe2 Be7
9.Nc3 c6 10.Ne4 Nbd7 11.O-O-O Nxe4 12.dxe4 Nc5 13.Bxe7 Kxe7 14.Rhe1 Rd8  1/2-1/2

[Event "Frunze"]
[Site "Frunze"]
[Date "1988.??.??"]
[Round "?"]
[White "Serper, Grigory"]
[Black "Kozlov, V."]
[Result "0-1"]
[WhiteElo "2435"]
[BlackElo "2410"]

1.e4 e5 2.Nf3 Nc6 3.Bb5 a6 4.Ba4 Nf6 5.O-O Be7 6.Re1 b5 7.Bb3 O-O 8.d3 h6
9.Nbd2 Re8 10.Nf1 Bf8 11.c3 Na5 12.Bc2 d5 13.exd5 Qxd5 14.b4 Nc6 15.a4 Bb7
16.Bb3 Qd7 17.axb5 axb5 18.Rxa8 Bxa8 19.Ng3 Rd8 20.Nxe5 Nxe5 21.Rxe5 Qc6
22.Ne4 Nxe4 23.Rxe4 Qxc3 24.Rf4 Bd5 25.Bc2 Bxb4 26.Rg4 Rd6 27.d4  0-1

[Event "Frunze"]
[Site "Frunze"]
[Date "1988.??.??"]
[Round "?"]
[White "Timoshchenko, Gennadi A"]
[Black "Serper, Grigory"]
[Result "1/2-1/2"]
[WhiteElo "2455"]
[BlackElo "2435"]

1.d4 Nf6 2.c4 c6 3.Nc3 d6 4.e4 e5 5.Nf3 Nbd7 6.Be2 Be7 7.O-O a6 8.Qc2 O-O
9.h3 Re8 10.Rb1 Qc7 11.b4 exd4 12.Nxd4 Ne5 13.Be3 b5 14.cxb5 cxb5 15.f4 Ng6
16.Rbc1 Bd7 17.Nf5 Bf8 18.Bd4 Qd8 19.Bxf6 Qxf6 20.Nd5 Qd8 21.Qb2 Bxf5 22.exf5 Ne7
23.Nc7 Nxf5 24.Bf3 Ra7 25.Nxe8 Qxe8 26.Bg4 Qe4 27.Qf2 Re7 28.Rfe1 Qd3 29.Bxf5 Qxf5
30.Rxe7 Bxe7 31.Rc6 h5 32.a3 Qd3 33.Qf3 Qd4+ 34.Kh2 g6 35.Rxa6 Bh4 36.Ra8+ Kg7
37.Rc8 Be1 38.Re8 Qa1 39.Qe3 Bc3 40.Qe7 Bd4 41.Qf8+ Kf6 42.Qxd6+ Kg7 43.Qf8+ Kf6
44.Qe7+ Kg7 45.Qf8+ Kf6 46.Qe7+ Kg7 47.Qe1 Qxa3 48.Qd2 Bc3 49.Qd5 Qxb4 50.Re4 Qf8
51.Qxb5 Qd6 52.Qc4 Bf6 53.Qb4 Qc6 54.Qc4 Qd6 55.Qb4 Qc6 56.Rc4 Qe6 57.Rc5 h4
58.Qd2 Qe4 59.Rd5 Ba1 60.Rb5 Bf6 61.Rb4 Qe6 62.Qd3 Qe1 63.Rb1 Qf2 64.Rf1 Qb2
65.Qe4 Qc3 66.Rd1 Qg3+ 67.Kh1 Qf2 68.Rd3 Qc5 69.Kh2 Qc2 70.Rd4 Qf2 71.Rd7 Qf1
72.Rc7 Qf2 73.Rd7 Qg3+ 74.Kh1 Qf2 75.Qf3 Qe1+ 76.Kh2 Qb4 77.Qe3 Qa4 78.Rd6 Qa1
79.Qe4 Qc3 80.Rc6 Qa1 81.Rd6 Qc3 82.Rd3 Qc5 83.Rd7 Qc1 84.Rb7 Qf1 85.Qe3 Qc4
86.Rd7 Qa4 87.Rc7 Qb4 88.Rc8 Qd6 89.Qe4 Qd2 90.Rc4 Qf2 91.Rc2 Qf1 92.Qe3 Qa1
93.Rc1 Qa4 94.Rc8 Qb4 95.Re8 Qc4 96.Rb8 Qc7 97.Rb6 Ba1 98.Ra6 Bf6 99.Kh1 Qd8
100.Qe1 Qd4 101.Qc1 Qf2 102.Rc6 Qd4 103.Rc4 Qf2 104.Re4 Qb6 105.Qe3 Qc6 106.Kh2 Qb5
107.Re8 Qc4 108.Rb8  1/2-1/2